000 00551nam a2200157 a 4500
008 120416s1974 ||||||||||||||||| || u
020 _a0070700753
050 _aHT 166 ENC
100 _aWhittick, Arnold
245 1 0 _aEncyclopedia of urban planning
_cedited by Arnold Whittick
260 _aNew York
_bMcGraw-Hill
_c1974
300 _axxi, 1218p. : ill.
350 _a0.00
650 _aCITY PLANNING--DICTIONARIES
995 _D0.00
_FCBU-MAIN LIBRARY (Kitwe)
_H1
_I32.00
_M1
_UREFERENCE
_ZReference Collection
999 _c41830
_d41830